Statistics for Taylor Swift 97

Click here to take the quiz!

General Stats

  • This quiz has been taken 11 times
  • The average score is 275 of 423

Answer Stats

Answer% Correct
a
100%
I
100%
in
100%
my
100%
the
100%
you
100%
and
89%
I'm
89%
is
89%
know
89%
like
89%
to
89%
we
89%
where
89%
your
89%
all
78%
are
78%
be
78%
but
78%
don't
78%
have
78%
just
78%
love
78%
me
78%
not
78%
now
78%
on
78%
so
78%
when
78%
with
78%
as
67%
can
67%
he
67%
mine
67%
of
67%
our
67%
saw
67%
say
67%
then
67%
they
67%
afternoon
56%
American
56%
boy
56%
child
56%
enjoy
56%
from
56%
go
56%
him
56%
London
56%
meet
56%
smile
56%
that's
56%
time
56%
took
56%
up
56%
walking
56%
back
44%
Camden
44%
darling
44%
doesn't
44%
End
44%
eyes
44%
fancy
44%
friends
44%
heart
44%
his
44%
home
44%
likes
44%
lives
44%
Market
44%
much
44%
oh
44%
rumors
44%
something
44%
true
44%
wanna
44%
best
33%
blue
33%
Brixton
33%
English
33%
first
33%
god
33%
good
33%
guess
33%
heard
33%
high
33%
Highgate
33%
mates
33%
met
33%
nights
33%
ride
33%
scooter
33%
SoCal
33%
V
33%
yeah
33%
accent
22%
cab
22%
dimples
22%
drinking
22%
driving
22%
faded
22%
find
22%
grey
22%
happened
22%
hometown
22%
jeans
22%
laughing
22%
Louis
22%
McCartney
22%
Motown
22%
please
22%
pub
22%
queen
22%
rainy
22%
'round
22%
rugby
22%
school
22%
show
22%
sky
22%
Soho
22%
Springsteen
22%
Stella
22%
stick
22%
stories
22%
Street
22%
tea
22%
Tennessee
22%
threaten
22%
uh
22%
uni
22%
watching
22%
West
22%
whisky
22%
babes
11%
Bond
11%
Hackney
11%
Shoreditch
11%
whoa
11%
Heath
0%

Score Distribution

Percentile by Number Answered

Percent of People with Each Score

Your Score History

You have not taken this quiz